City Girl

Bibliographic Details
Main Author: Lee, Ming Cameron
Format: Book
Published: Singapore : Times Book international , 1993
Subjects:

MARC

LEADER 00000cam a2200000 7i4500
001 0000002967
002 000003212
005 20000330.0
020 |a 9812044647 
090 0 0 |a YF   |b LEE 
100 1 |a Lee, Ming Cameron 
245 1 0 |a City Girl   |c Ming Lee Cameron 
260 |a Singapore :   |b Times Book international ,   |c 1993 
300 |a 175p. ;   |c 17cm. 
650 0 0 |a Children's stories 
999 |a 036519   |b BUKU   |c YOUTH FICTION   |e PERPUSTAKAAN KOMUNITI PETALING JAYA